| 000 | 02314cpcaa2200457 a 4500 | ||
|---|---|---|---|
| 001 | mm 95083473 | ||
| 003 | DLC | ||
| 005 | 20260227111725.0 | ||
| 007 | cr ||||||||||| | ||
| 008 | 950927|||||||||||| ger | ||
| 010 | _amm 95083473 | ||
| 040 |
_aDLC _cDLC _dDLC _edacs |
||
| 041 |
_ager _aeng |
||
| 072 | 7 |
_aS _2lcmd |
|
| 100 | 1 |
_aJung, C. G. _q(Carl Gustav), _d1875-1961. |
|
| 245 | 0 | 0 |
_aC.G. Jung papers, _f1949-1994 _g(bulk 1956-1960). |
| 300 |
_a550 _fitems. |
||
| 300 |
_a2 _fcontainers. |
||
| 300 |
_a1 _fmicrofilm reel. |
||
| 300 |
_a0.8 _flinear feet. |
||
| 506 | 0 | _aOpen to research. | |
| 506 | _aRestrictions may apply to unprocessed material. | ||
| 520 | 8 | _aCorrespondence, interview transcripts, and drafts of writings pertaining primarily to Jung's autobiography written by Aniela Jaffé based on her interviews with him. Also includes R.F.C. Hull's English translation of portions of the autobiography. | |
| 530 |
_aMicrofilm edition of folders 7-16 of container 1 and container 2 available, _dno. 21,057. |
||
| 533 |
_aMicrofilm produced from originals in the Manuscript Division. _bWashington, D.C. : _cLibrary of Congress Photoduplication Service, _d1991. |
||
| 533 |
_aPhotocopies, in part. _b[S.l.]. |
||
| 545 | 0 | _aSwiss psychoanalyst. | |
| 546 | _aCollection material in German and English. | ||
| 555 | 8 |
_aFinding aid available in the Library of Congress Manuscript Reading Room and at _uhttp://hdl.loc.gov/loc.mss/eadmss.ms009162 |
|
| 583 | _aPortions of the collection originally processed as part of the records of the Bollingen Foundation from which they have now been transferred. | ||
| 650 | 0 | _aPsychoanalysis. | |
| 650 | 0 |
_aPsychoanalysts _zSwitzerland _vBiography. |
|
| 656 | 7 |
_aPsychoanalysts. _2itoamc |
|
| 700 | 1 |
_aHull, R. F. C. _q(Richard Francis Carrington), _d1913-1974. _tR.F.C. Hull papers. |
|
| 700 | 1 |
_aJaffé, Aniela. _tAniela Jaffé papers. |
|
| 856 | 4 |
_3Finding aid _uhttp://hdl.loc.gov/loc.mss/eadmss.ms009162 |
|
| 856 | 4 |
_3Finding aid (PDF) _uhttp://hdl.loc.gov/loc.mss/eadmss.ms009162.3 |
|
| 999 |
_c44346 _d44346 |
||